Les 5 Capitales les plus proches de Paris (par continent) - Statistiques

Statistiques générales
  • Ce quiz a été pris 171 fois
  • Le résultat moyen est 20 sur 30
Statistiques - réponses
Réponse % Correct
Bruxelles
98%
Londres
97%
Luxembourg
96%
Amsterdam
94%
Tunis
94%
Washington
94%
Alger
93%
Berne
93%
Rabat
90%
Le Caire
89%
Ottawa
89%
Brasilia
83%
Tripoli
78%
Ankara
74%
Caracas
70%
Beyrouth
69%
Damas
67%
Bogota
66%
Nicosie
62%
Georgetown
53%
Paramaribo
50%
Tel Aviv
48%
Roseau
35%
Basseterre
31%
Palikir
29%
Tarawa-Sud
29%
Saint John's
27%
Yaren
26%
Melekeok
25%
Delap-Uliga-Darrit
22%
Aucun quiz correspondant
Distribution des résultats
% des personnes avec chaque résultat
Percentile par nombre de réponses
Votre historique - résultats
Vous n’avez pas pris ce quiz